|
|
|
|
| LEADER |
00000cam a22000004a 4500 |
| 001 |
musev2_3972 |
| 003 |
MdBmJHUP |
| 005 |
20230905040506.0 |
| 006 |
m o d |
| 007 |
cr||||||||nn|n |
| 008 |
900430r19901966inu o 00 0 eng d |
| 010 |
|
|
|z 89045471
|
| 020 |
|
|
|a 9780253113986
|
| 020 |
|
|
|z 0253113989
|
| 020 |
|
|
|z 9780253205599
|
| 035 |
|
|
|a (OCoLC)43476161
|
| 040 |
|
|
|a MdBmJHUP
|c MdBmJHUP
|
| 050 |
0 |
4 |
|a BX7260.E3
|b C5 1990
|
| 082 |
0 |
|
|a 230/.58/092
|2 20
|
| 100 |
1 |
|
|a Cherry, Conrad,
|d 1937-
|
| 245 |
1 |
4 |
|a The Theology of Jonathan Edwards :
|b A Reappraisal /
|c Conrad Cherry ; with a new introduction by the author and a foreword by Stephen J. Stein.
|
| 264 |
|
1 |
|a Bloomington, Ind. :
|b Indiana University Press,
|c 1990.
|
| 264 |
|
3 |
|a Baltimore, Md. :
|b Project MUSE,
|c 2012
|
| 264 |
|
4 |
|c ©1990.
|
| 300 |
|
|
|a 1 online resource.
|
| 336 |
|
|
|a text
|b txt
|2 rdacontent
|
| 337 |
|
|
|a computer
|b c
|2 rdamedia
|
| 338 |
|
|
|a online resource
|b cr
|2 rdacarrier
|
| 500 |
|
|
|a Reprint. Originally published: Garden City, N.Y. Doubleday, 1966.
|
| 504 |
|
|
|a Includes bibliographical references (p. [218]-260) and index.
|
| 588 |
|
|
|a Description based on print version record.
|
| 600 |
1 |
0 |
|a Edwards, Jonathan,
|d 1703-1758.
|
| 655 |
|
7 |
|a Electronic books.
|2 local
|
| 710 |
2 |
|
|a Project Muse.
|e distributor
|
| 830 |
|
0 |
|a Book collections on Project MUSE.
|
| 856 |
4 |
0 |
|z Texto completo
|u https://projectmuse.uam.elogim.com/book/3972/
|
| 945 |
|
|
|a Project MUSE - Custom Collection
|
| 945 |
|
|
|a Project MUSE - Archive Complete Foundation
|
| 945 |
|
|
|a Project MUSE - Archive Philosophy and Religion Foundation
|